| 000 | 01176nam0a22002771 4500 | ||
|---|---|---|---|
| 001 | rc\3629074 | ||
| 005 | 20260407082733.0 | ||
| 021 |
_aRU _b[73-14405] |
||
| 035 | _a(NLR Aleph) 007824050 | ||
| 090 |
_a7753225 _c7753225 |
||
| 100 | _a20130115d1972 |||y0rusy50 ca | ||
| 101 | 0 | _arus | |
| 102 | _aRU | ||
| 105 | _aa z ||||| | ||
| 200 | 1 |
_aМедно-никелевые руды Талнахского рудного узла _eСборник статей _f[Ред. коллегия: Н.Н. Урванцев (отв. ред.) и др.] _gНауч.-исслед. ин-т геологии Арктики М-ва геологии СССР |
|
| 210 |
_aЛенинград _cБ. и. _d1972 |
||
| 215 |
_a143 с., 6 л. ил. _cил. _d28 |
||
| 320 | _aСписок лит.: с. 138-143 | ||
| 606 |
_aМедно-никелевые месторождения _yТалнах _2psbo |
||
| 702 | 1 |
_aУрванцев _bН.Н. _gНиколай Николаевич _4340 |
|
| 712 | 0 | 2 |
_aНИИ геологии Арктики _cЛенинград _3RU\NLR\AUTH\888844 _9290180 |
| 801 | 0 |
_aRU _bNLR _gpsbo |
|
| 801 | 1 |
_aRU _bELAR _2rusmarc |
|
| 852 |
_aNLR _j73-8/102 |
||
| 942 | _cBOOK | ||
| 980 | _aNB | ||